000
00307 a2200157 4500
001
188721
020
_a
0-19-424392-3
040
_c
Magnum
100
_a
Hardy-Gould, Janet
240
1
0
_a
Mulan
_l
por
245
1
0
_a
Mulan
300
_a
44
362
0
_a
2004
697
_a
LITERATURA INGLESA
942
_c
BK
999
_c
188721
_d
188721